|
|
|
|
| LEADER |
01000caa a2200265 c 4500 |
| 001 |
249692880 |
| 003 |
DE-627 |
| 005 |
20220504154330.0 |
| 007 |
tu |
| 008 |
981007s1972 xx ||||| 00| ||und c |
| 035 |
|
|
|a (DE-627)249692880
|
| 035 |
|
|
|a (DE-599)GBV249692880
|
| 040 |
|
|
|a DE-627
|b ger
|c DE-627
|e rakwb
|
| 100 |
1 |
|
|a Grebing, Helga
|e verfasserin
|4 aut
|
| 245 |
1 |
0 |
|a Franz Mehring
|c Helga Grebing u. Monika Kramme
|
| 264 |
|
1 |
|c 1972
|
| 336 |
|
|
|a Text
|b txt
|2 rdacontent
|
| 337 |
|
|
|a ohne Hilfsmittel zu benutzen
|b n
|2 rdamedia
|
| 338 |
|
|
|a Band
|b nc
|2 rdacarrier
|
| 700 |
1 |
|
|a Kramme, Monika
|e verfasserin
|4 aut
|
| 700 |
1 |
|
|a Mehring, Franz
|d 1846-1919
|e gefeierter
|0 (DE-588)118579975
|0 (DE-627)134686551
|0 (DE-576)162185286
|4 hnr
|
| 773 |
0 |
8 |
|i In
|t Deutsche Historiker
|d Göttingen : Vandenhoeck & Ruprecht, 1971
|g 5(1972), Seite 73-94
|w (DE-627)028614488
|w (DE-576)9028614486
|
| 773 |
1 |
8 |
|g volume:5
|g year:1972
|g pages:73-94
|
| 912 |
|
|
|a GBV_USEFLAG_U
|
| 912 |
|
|
|a GBV_ILN_22
|
| 912 |
|
|
|a ISIL_DE-18
|
| 912 |
|
|
|a SYSFLAG_1
|
| 912 |
|
|
|a GBV_KXP
|
| 912 |
|
|
|a GBV_ILN_11
|
| 912 |
|
|
|a GBV_ILN_20
|
| 912 |
|
|
|a GBV_ILN_21
|
| 912 |
|
|
|a GBV_ILN_24
|
| 912 |
|
|
|a GBV_ILN_31
|
| 912 |
|
|
|a GBV_ILN_39
|
| 912 |
|
|
|a GBV_ILN_40
|
| 912 |
|
|
|a GBV_ILN_50
|
| 912 |
|
|
|a GBV_ILN_60
|
| 912 |
|
|
|a GBV_ILN_61
|
| 912 |
|
|
|a GBV_ILN_62
|
| 912 |
|
|
|a GBV_ILN_65
|
| 912 |
|
|
|a GBV_ILN_69
|
| 912 |
|
|
|a GBV_ILN_70
|
| 912 |
|
|
|a GBV_ILN_72
|
| 912 |
|
|
|a GBV_ILN_90
|
| 912 |
|
|
|a GBV_ILN_104
|
| 912 |
|
|
|a GBV_ILN_110
|
| 912 |
|
|
|a GBV_ILN_120
|
| 912 |
|
|
|a GBV_ILN_121
|
| 912 |
|
|
|a GBV_ILN_130
|
| 912 |
|
|
|a GBV_ILN_131
|
| 912 |
|
|
|a GBV_ILN_176
|
| 912 |
|
|
|a GBV_ILN_179
|
| 912 |
|
|
|a GBV_ILN_181
|
| 912 |
|
|
|a GBV_ILN_216
|
| 912 |
|
|
|a GBV_ILN_227
|
| 912 |
|
|
|a GBV_ILN_244
|
| 912 |
|
|
|a GBV_ILN_257
|
| 912 |
|
|
|a GBV_ILN_285
|
| 912 |
|
|
|a GBV_ILN_350
|
| 912 |
|
|
|a GBV_ILN_365
|
| 912 |
|
|
|a GBV_ILN_636
|
| 912 |
|
|
|a GBV_ILN_663
|
| 912 |
|
|
|a GBV_ILN_665
|
| 912 |
|
|
|a GBV_ILN_694
|
| 912 |
|
|
|a GBV_ILN_697
|
| 912 |
|
|
|a GBV_ILN_702
|
| 912 |
|
|
|a GBV_ILN_754
|
| 912 |
|
|
|a GBV_ILN_812
|
| 912 |
|
|
|a GBV_ILN_813
|
| 912 |
|
|
|a GBV_ILN_1018
|
| 912 |
|
|
|a GBV_ILN_2579
|
| 912 |
|
|
|a GBV_ILN_22_i29608
|
| 951 |
|
|
|a AR
|
| 952 |
|
|
|d 5
|j 1972
|h 73-94
|
| 980 |
|
|
|2 22
|1 01
|x 0018
|b 300962797
|c 00
|f 18/296
|d --%%--
|e i
|j --%%--
|y zi29608
|z 07-10-98
|